Normal view
MARC view
- بارون، روبرت / ترجمة عبد رضا الفائز ؛ مراجعة داخل حسن جريو
Entry Personal Name
001 - CONTROL NUMBER
- control field: 9012
003 - CONTROL NUMBER IDENTIFIER
- control field: JO-AjAnu
005 - DATE AND TIME OF LATEST TRANSACTION
- control field: 20230606071742.0
008 - FIXED-LENGTH DATA ELEMENTS
- fixed length control field: 230606|| aca||aabn | a|a d
040 ## - CATALOGING SOURCE
- Original cataloging agency: JO-AjAnu
- Transcribing agency: JO-AjAnu
100 ## - HEADING--PERSONAL NAME
- Personal name: بارون، روبرت / ترجمة عبد رضا الفائز ؛ مراجعة داخل حسن جريو
670 ## - SOURCE DATA FOUND
- Source citation: Work cat.: (JO-AjAnu)4650: بارون، روبرت / ترجمة عبد رضا الفائز ؛ مراجعة داخل حسن جريو, author, المنطق الرقمي وعمل الحاسبة الالكترونية